|
|
|
|
| LEADER |
00900nam a22002777i 4500 |
| 001 |
001826729 |
| 003 |
CZ BrMZK |
| 005 |
20220610141946.0 |
| 007 |
ta |
| 008 |
220610s1917 xr er|||||||||||cze d |
| 015 |
|
|
|a cnb000595208
|
| 040 |
|
|
|a ABA001
|b cze
|c ULG001
|d ABA001
|d BOA001
|e rda
|
| 100 |
1 |
|
|a Kovanda, Stanislav,
|d 1878-1954
|7 jk01062428
|4 aut
|
| 245 |
1 |
0 |
|a Jitro :
|b komedie o 1 dějství /
|c napsal St. Kovanda
|
| 264 |
|
1 |
|a Praha :
|b Frant. Švejda,
|c [1917]
|
| 300 |
|
|
|a 33 stran ;
|c 8°
|
| 336 |
|
|
|a text
|b txt
|2 rdacontent
|
| 337 |
|
|
|a bez média
|b n
|2 rdamedia
|
| 338 |
|
|
|a svazek
|b nc
|2 rdacarrier
|
| 490 |
1 |
|
|a Švejdův divadelní sborník ;
|v svazek 34
|
| 830 |
|
0 |
|a Švejdův divadelní sborník
|0 s
|
| 910 |
|
|
|a BOA001
|b 1-0041.274,34
|
| 990 |
|
|
|a BK
|
| 993 |
|
|
|a Y
|
| 991 |
|
|
|b 202206
|
| 996 |
6 |
|
|b 2618738373
|c 1-0041.274,34
|l MZK
|r Sklad / do 1 hodiny
|n 0
|w 001891187
|u 000010
|a 1
|e BOA001
|j MZK50
|s P
|